000 00954nam a2200229Ii 4500
003 JO-AjNU
008 230605s9999||||xx |||||||||||||| ||und||
017 _a2008/12/4074
020 _a978-9957-499-61-7
040 _aJO-AjNU
_bara
_erda
_cJO-AjNU
041 _aara
050 1 4 _aHF5548.35.H37 2009
100 3 _aالحسبان،عطاالله احمد سويلم,
_eauthor
_929404
245 0 0 _aالرقابة الداخلية والتدقيق في بيئة تكنولوجيا المعلومات
250 _aط1
264 3 1 _aعمان: دار الراية للنشر والتوزيع؛2009
300 _a204ص
_bيحتوي على ببلوغرافية من ص 193-204ص
336 _atext
_btxt
_2rdacontent
337 _aunmediated
_bn
_2rdamedia
338 _avolume
_bnc
_2rdacarrier
650 4 _aالرقابة الادارية-معالجة البيانات-مراجعة الحسابات-نظم المعلومات المحاسبية
_929405
999 _aA11529
_c15097
_d15097